| 000 | 00616nam a22002057a 4500 | ||
|---|---|---|---|
| 005 | 20190218185023.0 | ||
| 008 | 190218b xxu||||| |||| 00| 0 spa d | ||
| 020 | _a9780471132851 | ||
| 041 | _aspa | ||
| 082 | _a150.193.2 R275t | ||
| 100 |
_aRayner, Steven R. _952326 |
||
| 245 | _aTeam traps: survival stories and lessons from team disasters, near-misses, mishaps, and other near-death experiences | ||
| 260 | _aEstados Unidos | ||
| 260 | _bJohn Wiley & Sons | ||
| 260 | _c1996 | ||
| 300 | _a190 páginas | ||
| 650 |
_aDINÁMICA DE GRUPOS _96400 |
||
| 650 |
_aSOBREVIVENCIA EN GRUPOS _952327 |
||
| 942 | _cBK | ||
| 999 |
_c11637 _d11637 |
||